Central Library OPAC University of Rajshahi

কথা সাহিত্যের আঙিনায় দাঁড়িয়ে / (Record no. 82573)

MARC details
000 -LEADER
fixed length control field 00892nam a2200229 a 4500
001 - CONTROL NUMBER
control field 82573
003 - CONTROL NUMBER IDENTIFIER
rucl marc code BD-RjUL
005 - DATE AND TIME OF LATEST TRANSACTION
control field 20231228151556.0
008 - FIXED-LENGTH DATA ELEMENTS--GENERAL INFORMATION
fixed length control field 231228s2015 bg ||||| |||| 00| 0 ben d
035 ## - SYSTEM CONTROL NUMBER
System control number (BD-RjUL)82573
040 ## - CATALOGING SOURCE
Original cataloging agency BD-RjUL
Language of cataloging eng
Transcribing agency BD-RjUL
041 ## - LANGUAGE CODE
Language code of text/sound track or separate title ben
082 ## - DEWEY DECIMAL CLASSIFICATION NUMBER
Edition number 23
Classification number 891.444
Author mark and year SAK 2015
100 ## - MAIN ENTRY--PERSONAL NAME
Personal name সাত্তার, সরদার আবদুস
9 (RLIN) 10773
245 ## - TITLE STATEMENT
Title কথা সাহিত্যের আঙিনায় দাঁড়িয়ে /
Statement of responsibility, etc. সরদার আবদুস সাত্তার
250 ## - EDITION STATEMENT
Edition statement ২য় সং.
260 ## - PUBLICATION, DISTRIBUTION, ETC. (IMPRINT)
Place of publication, distribution, etc. ঢাকা :
Name of publisher, distributor, etc. সুচয়নী পাবলিশার্স,
Date of publication, distribution, etc. ২০১৫
300 ## - PHYSICAL DESCRIPTION
Pagination ৩৮৪ পৃ.;
Size ২২ সেমি.
650 ## - SUBJECT ADDED ENTRY--TOPICAL TERM
Topical term or geographic name as entry element বাংলা সাহিত্য
General subdivision প্রবন্ধ
9 (RLIN) 681
Topical term or geographic name as entry element Bengali Literature
General subdivision Essays
9 (RLIN) 10778
942 ## - ADDED ENTRY ELEMENTS (KOHA)
Source of classification or shelving scheme Dewey Decimal Classification
Koha item type Books
Holdings
Lost status Source of classification or shelving scheme Damaged status Not for loan Collection code Permanent Location Current Location Shelving location Date acquired Source of acquisition Cost, normal purchase price Total Checkouts Full call number Date last seen Copy number Koha item type
  Dewey Decimal Classification   Not For Loan Non-fiction Central Library, University of Rajshahi Central Library, University of Rajshahi Reading Room 21/12/2023 Author 425.00   B 891.444 SAK 2015 28/12/2023 C-1 Books